|
|
|
|
| LEADER |
00689nam a2200181 a 4500 |
| 008 |
090719m19761973nyu 000 0beng d |
| 020 |
|
|
|a 0670634980
|
| 082 |
0 |
0 |
|a 363.2/092/4
|a B
|
| 100 |
1 |
|
|a Maas, Peter,
|d 1929-
|
| 245 |
1 |
0 |
|a Serpico /
|c by Peter Maas.
|
| 260 |
|
|
|a New York :
|b Bantam Books,
|c 1973
|
| 300 |
|
|
|a 314 p. ;
|c 18 cm.
|
| 541 |
1 |
|
|e 00004521
|
| 600 |
1 |
0 |
|a Serpico, Frank.
|
| 650 |
|
0 |
|a Police
|z New York (State)
|z New York.
|
| 852 |
4 |
|
|a Ayesha Abed Library
|j General shelf
|
| 999 |
|
|
|c 2856
|d 2856
|
| 952 |
|
|
|0 0
|1 4
|2 ddc
|4 0
|6 363_209240000000000_MAA
|7 0
|9 2607
|a BRACUL
|b BRACUL
|c GEN
|d 2009-07-27
|g 0.00
|l 0
|o 363.20924 MAA
|p 3010004521
|r 2009-07-27
|t 1
|w 2009-07-27
|y BK
|x No price found in the accession register.
|